00330 a2200109 4500001001000000005001700010008004100027245005600068100002300124773005600147999001700203ART_3830220260410161752.0260409a 10aFATCA. Una ley de Estados Unidos con impacto global1 aTorassa, Marcos R.0 tDoctrina tributariag- NÂș 408 (mar. 2014)wREV4296 c19752d19752